How to sell your way through life
| Main Author: | |
|---|---|
| Format: | Book |
| Published: |
Kuala Lumpur :
Napoleon Hill Associates ,
2005
|
| Subjects: |
MARC
| LEADER | 00000cam a2200000 7i4500 | ||
|---|---|---|---|
| 001 | 0000019458 | ||
| 005 | 20080617.0 | ||
| 008 | 080617 | ||
| 020 | |a 9834138318 | ||
| 090 | 0 | 0 | |a 174 |b HIL |
| 100 | 1 | |a Hill, Napoleon | |
| 245 | 1 | 0 | |a How to sell your way through life |c Napoleon Hill |
| 260 | |a Kuala Lumpur : |b Napoleon Hill Associates , |c 2005 | ||
| 650 | 0 | |a Psychology | |
| 650 | 0 | |a Selling | |
| 650 | 0 | |a Success | |
| 999 | |a 0001023866 |b Book |c Adult Collection |e Perbadanan Perpustakaan Awam Johor | ||
| 999 | |a 0001023881 |b Book |c Adult Collection |e Perbadanan Perpustakaan Awam Johor | ||